<?xml version="1.0" encoding="UTF-8"?>
<record
    xmlns:xsi="http://www.w3.org/2001/XMLSchema-instance"
    xsi:schemaLocation="http://www.loc.gov/MARC21/slim http://www.loc.gov/standards/marcxml/schema/MARC21slim.xsd"
    xmlns="http://www.loc.gov/MARC21/slim">

  <leader>01232aaa a2200253 a 4500</leader>
  <controlfield tag="001">78608</controlfield>
  <controlfield tag="003">BD-RjUL</controlfield>
  <controlfield tag="005">20211209083140.0</controlfield>
  <controlfield tag="008">211019s19661386sa ||||| |||| 00| 0 ara d</controlfield>
  <datafield tag="035" ind1=" " ind2=" ">
    <subfield code="a">(BD-RjUL)78834</subfield>
  </datafield>
  <datafield tag="040" ind1=" " ind2=" ">
    <subfield code="a">BD-RjUL</subfield>
    <subfield code="b">eng</subfield>
    <subfield code="c">BD-RjUL</subfield>
  </datafield>
  <datafield tag="041" ind1=" " ind2=" ">
    <subfield code="a">ara</subfield>
  </datafield>
  <datafield tag="082" ind1=" " ind2=" ">
    <subfield code="a">892.70992870905</subfield>
    <subfield code="b">HEU 1966</subfield>
  </datafield>
  <datafield tag="100" ind1="1" ind2="0">
    <subfield code="a">&#x647;&#x644;&#x627;&#x644;&#x64A;&#x60C; &#x639;&#x628;&#x62F; &#x627;&#x644;&#x631;&#x632;&#x627;&#x642;.;; Helali, Abdel-Razzaq.</subfield>
    <subfield code="9">249193</subfield>
  </datafield>
  <datafield tag="245" ind1="1" ind2="0">
    <subfield code="a">&#x627;&#x62F;&#x628;&#x627;&#x621; &#x627;&#x644;&#x645;&#x624;&#x62A;&#x645;&#x631; ;; Udab&#x101;&#x2BC; al-mu&#x2BC;tamar /</subfield>
    <subfield code="c"> &#x62C;&#x645;&#x639; &#x645;&#x648;&#x627;&#x62F; &#x627;&#x644;&#x643;&#x62A;&#x627;&#x628; &#x648;&#x645;&#x633;&#x642; &#x645;&#x639;&#x644;&#x648;&#x645;&#x627;&#x62A;&#x647; &#x639;&#x628;&#x62F; &#x627;&#x644;&#x631;&#x632;&#x627;&#x642; &#x627;&#x644;&#x647;&#x644;&#x627;&#x644;&#x64A; ;; jame mawadi alkutaab wamasq maelumatih abd alrazaaq alhilali</subfield>
  </datafield>
  <datafield tag="260" ind1=" " ind2=" ">
    <subfield code="a">&#x60C; Baghd&#x101;d :</subfield>
    <subfield code="b"> W&#x632;&#x627;&#x631;&#x629; &#x627;&#x644;&#x62B;&#x642;&#x627;&#x641;&#x629; &#x648;&#x627;&#x644;&#x627;&#x631;&#x634;&#x627;&#x62F;&#x60C; &#x645;&#x62F;&#x64A;&#x631;&#x64A;&#x629; &#x627;&#x644;&#x62B;&#x642;&#x627;&#x641;&#x629; &#x627;&#x644;&#x639;&#x627;&#x645;&#x629;iz&#x101;rat al-Thaq&#x101;fah wa-al-Irsh&#x101;d, Mud&#x12B;r&#x12B;yat al-Thaq&#x101;fah al-&#x2BB;&#x100;mmah, </subfield>
    <subfield code="c">1966</subfield>
  </datafield>
  <datafield tag="300" ind1=" " ind2=" ">
    <subfield code="a">206 p. :</subfield>
    <subfield code="b">ill. ;</subfield>
    <subfield code="c">23 cm</subfield>
  </datafield>
  <datafield tag="490" ind1=" " ind2=" ">
    <subfield code="a">&#x633;&#x644;&#x633;&#x644;&#x629; &#x627;&#x644;&#x643;&#x62A;&#x627;&#x628; &#x627;&#x644;&#x62D;&#x62F;&#x64A;&#x62B;&#x647; ; 	Silsilat al-kutub al-&#x1E25;ad&#x12B;thah, 12.</subfield>
    <subfield code="v"> &#x661;&#x662;</subfield>
  </datafield>
  <datafield tag="650" ind1=" " ind2=" ">
    <subfield code="a">Authors</subfield>
    <subfield code="z">Arab. </subfield>
    <subfield code="9">249194</subfield>
  </datafield>
  <datafield tag="650" ind1=" " ind2=" ">
    <subfield code="a">Arabic literature</subfield>
    <subfield code="v">Bio-bibliography.</subfield>
    <subfield code="9">249195</subfield>
  </datafield>
  <datafield tag="650" ind1=" " ind2=" ">
    <subfield code="a">Arabic literature.</subfield>
    <subfield code="9">249196</subfield>
  </datafield>
  <datafield tag="830" ind1=" " ind2=" ">
    <subfield code="a">&#x633;&#x644;&#x633;&#x644;&#x629; &#x627;&#x644;&#x643;&#x62A;&#x627;&#x628; &#x627;&#x644;&#x62D;&#x62F;&#x64A;&#x62B;&#x647; ; 	Silsilat al-kutub al-&#x1E25;ad&#x12B;thah, 12.</subfield>
    <subfield code="v"> &#x661;&#x662;</subfield>
    <subfield code="9">249103</subfield>
  </datafield>
  <datafield tag="942" ind1=" " ind2=" ">
    <subfield code="2">ddc</subfield>
    <subfield code="c">BK</subfield>
  </datafield>
  <datafield tag="999" ind1=" " ind2=" ">
    <subfield code="c">78608</subfield>
    <subfield code="d">78608</subfield>
  </datafield>
  <datafield tag="952" ind1=" " ind2=" ">
    <subfield code="0">0</subfield>
    <subfield code="1">0</subfield>
    <subfield code="2">ddc</subfield>
    <subfield code="4">0</subfield>
    <subfield code="7">1</subfield>
    <subfield code="8">NFIC</subfield>
    <subfield code="a">RUCL</subfield>
    <subfield code="b">RUCL</subfield>
    <subfield code="c">Reading</subfield>
    <subfield code="d">1973-07-11</subfield>
    <subfield code="e">Author</subfield>
    <subfield code="l">0</subfield>
    <subfield code="o">A 892.70992870905 HEU 1966</subfield>
    <subfield code="r">2021-10-19 00:00:00</subfield>
    <subfield code="t">C-1</subfield>
    <subfield code="w">2021-10-19</subfield>
    <subfield code="y">BK</subfield>
  </datafield>
</record>
